Top 5 des films les plus regardés au monde. - Statistiques

Statistiques générales
  • Ce quiz a été pris 226 fois
  • Le résultat moyen est 2 sur 5
Statistiques - réponses
Top 5 Date de sortie Noms des films % Correct
4. 1997 Titanic
91%
1. 2009 Avatar
79%
2. 2019 Avengers : Endgame
29%
3. 2022 Avatar : La Voie de l'eau
9%
5. 2015 Star Wars, épisode VII : Le Réveil de la Force
1%
Aucun quiz correspondant
Distribution des résultats
% des personnes avec chaque résultat
Percentile par nombre de réponses
Votre historique - résultats
Vous n’avez pas pris ce quiz